Ekonomika a manažment vedecký časopis Fakulty podnikového manažmentu Ekonomickej univerzity v Bratislave

Enregistré dans:
Détails bibliographiques
Collectivité auteur: Ekonomická univerzita v Bratislave. Fakulta podnikového manažmentu
Format: Publication en série
Langue:slovaque
Publié: Bratislava Fakulta podnikového manažmentu Ekonomickej univerzity v Bratislave
Sujets:
Tags: Ajouter un tag
Pas de tags, Soyez le premier à ajouter un tag!

MARC

LEADER 00000nas1a2200000$$$4500
001 0013662
005 20231107081110.0
022 |a 1336-3301 
041 0 |a slo 
044 |a SK 
245 1 0 |a Ekonomika a manažment  |b vedecký časopis Fakulty podnikového manažmentu Ekonomickej univerzity v Bratislave 
264 1 |a Bratislava  |b Fakulta podnikového manažmentu Ekonomickej univerzity v Bratislave 
610 2 0 |a manažment 
610 2 0 |a podnik 
610 2 0 |a riadenie podnikové 
610 2 0 |a teórie ekonomické 
710 2 |a Ekonomická univerzita v Bratislave. Fakulta podnikového manažmentu